[Event "Lignano Bella Italia op 1st"]
[Site "Lignano Sabbiadoro"]
[Date "2022.08.20"]
[Round "6"]
[White "Rotolante, Luca"]
[Black "Olabe Odriozola, Eduardo"]
[Result "0-1"]
[WhiteElo "2010"]
[BlackElo "1946"]
[PlyCount "104"]
[EventDate "2022.08.18"]
[EventType "swiss"]
[EventRounds "9"]
[EventCountry "ITA"]
[SourceTitle "CBM 210 Extra"]
[Source "ChessBase"]
[SourceDate "2022.11.30"]
[SourceVersion "1"]
[SourceVersionDate "2022.11.30"]
[SourceQuality "1"]

1. d4 f5 2. Nf3 g6 3. g3 Bg7 4. Bg2 Nf6 5. 0-0 0-0 6. c4 d6 7. b3 Ne4 8. Bb2 Nd7 9. Qc1 c6 10. e3 Qc7 11. Nbd2 Ndf6 12. Nxe4 Nxe4 13. Ne1 Bd7 14. Nd3 Rae8 15. c5 Kh8 16. cxd6 exd6 17. d5 c5 18. Bxg7+ Kxg7 19. Qb2+ Kg8 20. Nf4 b5 21. Rfe1 b4 22. Bf1 Qd8 23. a3 a5 24. axb4 axb4 25. Ra7 Re7 26. Rea1 Nc3 27. Bc4 Qe8 28. h4 h6 29. R1a6 g5 30. Ng2 Qg6 31. Qd2 Ne4 32. Qc1 f4 33. exf4 gxf4 34. Nxf4 Rxf4 35. Qxf4 Rf7 36. Qe3 Nxf2 37. Rxd7 Qb1+ 38. Bf1 Nh3+ 39. Kh2 Qxf1 40. Rd8+ Kg7 41. Ra2 Nf2 42. Rxf2 Rxf2+ 43. Qxf2 Qxf2+ 44. Kh3 Qf5+ 45. Kh2 Qxd5 46. Rd7+ Kg6 47. g4 Qe6 48. h5+ Kg5 49. Rg7+ Kh4 50. Rg6 Qe2+ 51. Kg1 Kg3 52. Rxh6 Qe1# 0-1

[Event "Lignano Bella Italia op 1st"]
[Site "Lignano Sabbiadoro"]
[Date "2022.08.19"]
[Round "4"]
[White "Zuttioni, Federico"]
[Black "Olabe Odriozola, Eduardo"]
[Result "1/2-1/2"]
[WhiteElo "2161"]
[BlackElo "1946"]
[PlyCount "50"]
[EventDate "2022.08.18"]
[EventType "swiss"]
[EventRounds "9"]
[EventCountry "ITA"]
[SourceTitle "CBM 210 Extra"]
[Source "ChessBase"]
[SourceDate "2022.11.30"]
[SourceVersion "1"]
[SourceVersionDate "2022.11.30"]
[SourceQuality "1"]

1. e4 e5 2. Nf3 d6 3. d4 exd4 4. Nxd4 Nf6 5. Nc3 Be7 6. g3 0-0 7. Bg2 Re8 8. 0-0 Bf8 9. Re1 Na6 10. Nde2 c6 11. Nf4 Nc5 12. h3 Qc7 13. a4 b6 14. Nd3 Ba6 15. Nxc5 bxc5 16. Bf4 Rab8 17. b3 Qa5 18. Bd2 c4 19. b4 Qc7 20. Rb1 g6 21. Bf4 Nh5 22. Be3 Bg7 23. Qd2 Nf6 24. Bf4 Rbd8 25. b5 cxb5 1/2-1/2

[Event "Gipuzkoa-ch Primera"]
[Site "Bergara"]
[Date "2016.10.22"]
[Round "2"]
[White "Fernandez Zubitur, Asier"]
[Black "Olabe Odriozola, Eduardo"]
[Result "0-1"]
[WhiteElo "1632"]
[BlackElo "1938"]
[PlyCount "56"]
[EventDate "2016.10.15"]
[EventType "swiss"]
[EventRounds "7"]
[EventCountry "ESP"]
[SourceTitle "EXT 2024"]
[Source "ChessBase"]
[SourceDate "2023.10.10"]
[SourceVersion "1"]
[SourceVersionDate "2023.10.10"]
[SourceQuality "1"]

1. e4 d5 2. exd5 Nf6 3. Nc3 Nxd5 4. Bc4 e6 5. Qf3 c6 6. Nge2 Be7 7. 0-0 0-0 8. d3 Nd7 9. Bb3 b6 10. Ne4 Bb7 11. c3 Kh8 12. d4 c5 13. Bc2 Qc8 14. Qg3 Qc6 15. Bg5 f6 16. Bf4 Nxf4 17. Nxf4 g5 18. Ne2 f5 19. Nd2 Bd6 20. f4 gxf4 21. Qh3 Rg8 22. Nf3 Rg7 23. Rf2 Rag8 24. Raf1 Nf6 25. Nh4 Ng4 26. Rf3 Ne3 27. Bd3 Nxf1 28. Kxf1 Qa4 0-1

[Event "San Sebastian Gros op 24th"]
[Site "San Sebastian"]
[Date "2014.09.23"]
[Round "4"]
[White "Olabe Odriozola, Eduardo"]
[Black "Lucas Navas, Jose Manuel"]
[Result "0-1"]
[WhiteElo "1974"]
[BlackElo "1869"]
[PlyCount "78"]
[EventDate "2014.09.21"]
[EventType "swiss"]
[EventRounds "9"]
[EventCountry "ESP"]
[SourceTitle "EXT 2015"]
[Source "ChessBase"]
[SourceDate "2014.11.20"]
[SourceVersion "1"]
[SourceVersionDate "2014.11.20"]
[SourceQuality "1"]

1. e4 c5 2. Nc3 a6 3. a4 e6 4. Bc4 Nc6 5. d3 Nge7 6. Bg5 h6 7. Qh5 Qb6 8. Rb1 Ng6 9. Be3 Nge5 10. Bb3 g6 11. Qh4 Be7 12. Qg3 Bd6 13. Bc1 Nd4 14. f4 Nec6 15. Nge2 Nxb3 16. cxb3 Qxb3 17. 0-0 Qb6 18. Be3 Qc7 19. Qh3 b6 20. f5 Bb7 21. fxg6 fxg6 22. Rf6 0-0-0 23. Rxg6 Ne5 24. Rxh6 Rxh6 25. Qxh6 Ng4 26. Qh3 Nxe3 27. Qxe3 Bxh2+ 28. Kf1 Rf8+ 29. Ke1 Rg8 30. Qf3 Qd6 31. Kd2 Rf8 32. Qg4 Bf4+ 33. Kc2 Be5 34. Rh1 c4 35. dxc4 Bxc3 36. Nxc3 Rf2+ 37. Ne2 Qd4 38. Qg8+ Kc7 39. Qg3+ e5 0-1

[Event "Donostia Spring op 09th"]
[Site "Donostia"]
[Date "2013.05.11"]
[Round "5"]
[White "Etxagibel Larranaga, Asier"]
[Black "Olabe Odriozola, Eduardo"]
[Result "1-0"]
[WhiteElo "2124"]
[BlackElo "1972"]
[PlyCount "39"]
[EventDate "2013.04.19"]
[EventType "swiss"]
[EventRounds "8"]
[EventCountry "ESP"]
[SourceTitle "EXT 2024"]
[Source "ChessBase"]
[SourceDate "2023.10.10"]
[SourceVersion "1"]
[SourceVersionDate "2023.10.10"]
[SourceQuality "1"]

1. d4 f5 2. Nc3 b6 3. e4 fxe4 4. Nxe4 g6 5. Bd3 Bg7 6. Ng5 Nf6 7. Qf3 c6 8. Nxh7 e6 9. Bxg6+ Ke7 10. Bg5 Rxh7 11. Bxh7 Qh8 12. Bg6 Bb7 13. h4 d6 14. 0-0-0 Nbd7 15. Nh3 Rf8 16. Rhe1 Bh6 17. Qe3 Bxg5 18. hxg5 Nd5 19. Qxe6+ Kd8 20. Qxd6 1-0

[Event "Donostia Spring op 09th"]
[Site "Donostia"]
[Date "2013.05.04"]
[Round "4"]
[White "Olabe Odriozola, Eduardo"]
[Black "Fuente San Sebastian, Ernesto"]
[Result "1-0"]
[WhiteElo "1972"]
[BlackElo "1838"]
[PlyCount "44"]
[EventDate "2013.04.19"]
[EventType "swiss"]
[EventRounds "8"]
[EventCountry "ESP"]
[SourceTitle "EXT 2024"]
[Source "ChessBase"]
[SourceDate "2023.10.10"]
[SourceVersion "1"]
[SourceVersionDate "2023.10.10"]
[SourceQuality "1"]

1. e4 c6 2. d4 d5 3. e5 Bf5 4. g4 Bg6 5. e6 fxe6 6. Nf3 Nd7 7. Ng5 Qb6 8. Bh3 c5 9. c3 h6 10. Nf3 Ngf6 11. 0-0 Ne4 12. Re1 h5 13. Nh4 e5 14. g5 Bf7 15. dxe5 Nxe5 16. Bf4 Ng4 17. Qa4+ Kd8 18. Re2 Be8 19. Qd1 Nd6 20. Bg2 Bc6 21. Bxd5 Kc7 22. Ng6 Rg8 1-0

[Event "Donostia Spring op 09th"]
[Site "Donostia"]
[Date "2013.04.22"]
[Round "2"]
[White "Olabe Odriozola, Eduardo"]
[Black "Cantabrana Garona, Alejandro"]
[Result "1-0"]
[WhiteElo "1972"]
[BlackElo "1793"]
[PlyCount "85"]
[EventDate "2013.04.19"]
[EventType "swiss"]
[EventRounds "8"]
[EventCountry "ESP"]
[SourceTitle "EXT 2024"]
[Source "ChessBase"]
[SourceDate "2023.10.10"]
[SourceVersion "1"]
[SourceVersionDate "2023.10.10"]
[SourceQuality "1"]

1. e4 c5 2. Nc3 e6 3. Bc4 a6 4. a4 b6 5. d3 g6 6. Nge2 Bg7 7. 0-0 Ne7 8. Bg5 Nbc6 9. f4 Qc7 10. f5 gxf5 11. exf5 Nxf5 12. Rxf5 exf5 13. Nd5 Qb8 14. Ng3 Bd4+ 15. Kh1 d6 16. Qh5 Be6 17. Re1 Ne5 18. Bf6 Rg8 19. Bxe5 Bxe5 20. Nf6+ Ke7 21. Nxg8+ Qxg8 22. Nxf5+ Kd7 23. Nh6 Qg6 24. Bxe6+ fxe6 25. Qxg6 hxg6 26. c3 Bxh2 27. Rf1 Kc6 28. Ng4 Bg3 29. Rf6 e5 30. Rxg6 b5 31. a5 Rf8 32. Kg1 b4 33. Nf6 bxc3 34. bxc3 Be1 35. Ne4 Rd8 36. Rh6 Kd5 37. Kf1 Bxc3 38. Nxc3+ Kd4 39. Ne4 d5 40. Nf2 Rf8 41. Ke2 Rxf2+ 42. Kxf2 Kxd3 43. g4 1-0

[Event "Donostia Gipuzkoa-ch"]
[Site "San Sebastian"]
[Date "2012.11.03"]
[Round "3"]
[White "Olabe Odriozola, Eduardo"]
[Black "Goni Garmendia, Aitor"]
[Result "1-0"]
[WhiteElo "1939"]
[BlackElo "1780"]
[PlyCount "71"]
[EventDate "2012.10.20"]
[EventType "swiss"]
[EventRounds "7"]
[EventCountry "ESP"]
[SourceTitle "EXT 2014"]
[Source "ChessBase"]
[SourceDate "2013.11.20"]
[SourceVersion "1"]
[SourceVersionDate "2013.11.20"]
[SourceQuality "1"]

1. e4 c5 2. Nc3 d6 3. Bc4 Nf6 4. d3 g6 5. Bg5 Bg7 6. f4 0-0 7. Nge2 Nc6 8. 0-0 Kh8 9. Qd2 Na5 10. Rad1 Bg4 11. h3 Bd7 12. e5 Ne8 13. Ne4 Bc6 14. Nxd6 Nxd6 15. exd6 Nxc4 16. dxc4 Qxd6 17. Qe3 Qc7 18. f5 Qe5 19. Qxe5 Bxe5 20. Bxe7 Rfe8 21. f6 Bxb2 22. c3 Ba3 23. Rb1 b5 24. cxb5 Bd5 25. Nf4 Bc4 26. Rf3 Rxe7 27. fxe7 Re8 28. Re3 Bxa2 29. Rd1 f5 30. Rd8 Bf7 31. Ne6 c4 32. Nc7 Bc5 33. Rxe8+ Bxe8 34. Nxe8 Bxe3+ 35. Kf1 Bc5 36. Nd6 1-0

[Event "Donostia Gipuzkoa-ch"]
[Site "San Sebastian"]
[Date "2012.10.27"]
[Round "2"]
[White "Kuende Gorostidi, Jon"]
[Black "Olabe Odriozola, Eduardo"]
[Result "0-1"]
[WhiteElo "1798"]
[BlackElo "1939"]
[PlyCount "46"]
[EventDate "2012.10.20"]
[EventType "swiss"]
[EventRounds "7"]
[EventCountry "ESP"]
[SourceTitle "EXT 2014"]
[Source "ChessBase"]
[SourceDate "2013.11.20"]
[SourceVersion "1"]
[SourceVersionDate "2013.11.20"]
[SourceQuality "1"]

1. e4 d5 2. exd5 Nf6 3. d4 Nxd5 4. c4 Nf6 5. Nc3 Bf5 6. Be3 e6 7. Nge2 Nc6 8. Ng3 Bg6 9. Be2 Be7 10. Bf3 Qd7 11. a3 0-0 12. h4 h6 13. Nge4 Rfd8 14. d5 Ne5 15. Nxf6+ Bxf6 16. Be2 c6 17. f4 Nxc4 18. Bxc4 cxd5 19. Bd3 d4 20. Bb5 Qc7 21. Qc1 dxc3 22. 0-0 Qa5 23. f5 Bxf5 0-1

[Event "Vlissingen HZ op 15th"]
[Site "Vlissingen"]
[Date "2011.08.03"]
[Round "6"]
[White "Hekhuis, Jeroen"]
[Black "Olabe Odriozola, Eduardo"]
[Result "0-1"]
[WhiteElo "2117"]
[BlackElo "1900"]
[PlyCount "74"]
[EventDate "2011.07.30"]
[EventType "swiss"]
[EventRounds "9"]
[EventCountry "NED"]
[SourceTitle "CBM 143 Extra"]
[Source "ChessBase"]
[SourceDate "2011.08.29"]
[SourceVersion "1"]
[SourceVersionDate "2011.08.29"]
[SourceQuality "1"]

1. c4 e5 2. g3 Bc5 3. Bg2 Nc6 4. Nc3 d6 5. Nf3 Bg4 6. Na4 f5 7. Nxc5 dxc5 8. d3 Nf6 9. 0-0 Qd6 10. b3 Rd8 11. h3 Bxf3 12. Bxf3 e4 13. Bg2 exd3 14. exd3 0-0 15. Bf4 Qd7 16. Re1 Nb4 17. Re2 Nxd3 18. Rd2 Ne4 19. Bxc7 Ndxf2 20. Rxf2 Nxf2 21. Qd5+ Qxd5 22. Bxd5+ Rxd5 23. cxd5 Nxh3+ 24. Kg2 Ng5 25. Re1 Ne4 26. d6 Rf7 27. g4 g6 28. gxf5 gxf5 29. Rd1 Rd7 30. Rd5 Kf7 31. Rxf5+ Ke6 32. Rh5 b6 33. Rh6+ Kd5 34. Kf3 Nc3 35. Rh2 Kc6 36. a4 Nd5 37. Bb8 Rb7 0-1

[Event "Vlissingen HZ op 15th"]
[Site "Vlissingen"]
[Date "2011.07.30"]
[Round "1"]
[White "Olabe Odriozola, Eduardo"]
[Black "Bosboom, Manuel"]
[Result "0-1"]
[WhiteElo "1900"]
[BlackElo "2399"]
[PlyCount "46"]
[EventDate "2011.07.30"]
[EventType "swiss"]
[EventRounds "9"]
[EventCountry "NED"]
[SourceTitle "CBM 143 Extra"]
[Source "ChessBase"]
[SourceDate "2011.08.29"]
[SourceVersion "1"]
[SourceVersionDate "2011.08.29"]
[SourceQuality "1"]

1. e4 c5 2. Nc3 Nc6 3. Bc4 e6 4. d3 a6 5. a4 Nf6 6. Bg5 h6 7. Bh4 Be7 8. Nge2 b6 9. f4 g5 10. fxg5 Ng4 11. Qd2 Bxg5 12. Bxg5 Qxg5 13. Nf4 Nd4 14. 0-0 Ne5 15. Kh1 Bb7 16. Rae1 h5 17. Nce2 Ndc6 18. Bb3 Rg8 19. c3 c4 20. Bxc4 Nxc4 21. dxc4 0-0-0 22. Qd3 e5 23. h4 Qg4 0-1

[Event "Euskadi-chT (Vasca) Div 1st"]
[Site "Bergara"]
[Date "2011.02.05"]
[Round "5.4"]
[White "Olabe Odriozola, Eduardo"]
[Black "Iglesias Balbas, Ruben"]
[Result "0-1"]
[WhiteElo "1889"]
[BlackElo "2017"]
[PlyCount "96"]
[EventDate "2011.01.08"]
[EventType "team-tourn"]
[EventRounds "9"]
[EventCountry "ESP"]
[SourceTitle "EXT 2024"]
[Source "ChessBase"]
[SourceDate "2023.10.10"]
[SourceVersion "1"]
[SourceVersionDate "2023.10.10"]
[SourceQuality "1"]

1. e4 e6 2. d3 c5 3. Nf3 Nc6 4. g3 d6 5. Bg2 Nf6 6. 0-0 Be7 7. Re1 Qc7 8. Nbd2 0-0 9. c3 e5 10. Nf1 Be6 11. Qe2 Qd7 12. Ne3 h6 13. Nh4 Ng4 14. Nhf5 Nxe3 15. Nxe7+ Nxe7 16. Bxe3 f5 17. f4 exf4 18. Bxf4 Ng6 19. Bd2 f4 20. a3 Bg4 21. Bf3 Bxf3 22. Qxf3 Ne5 23. Qh5 fxg3 24. Rf1 gxh2+ 25. Kh1 Qg4 26. Qxg4 Nxg4 27. Bf4 Rad8 28. Rae1 g5 29. Bg3 h5 30. Rf5 Rxf5 31. exf5 h4 32. Bxh2 Nxh2 33. Kxh2 Kf7 34. Re6 d5 35. Rg6 Rg8 36. Rd6 d4 37. Rd7+ Kf6 38. Rxb7 dxc3 39. bxc3 Kxf5 40. Rb5 g4 41. Rxc5+ Kf4 42. Rc7 g3+ 43. Kg1 Kg4 44. c4 Kh3 45. Rf7 Rd8 46. Rf1 Rxd3 47. Rc1 g2 48. Kf2 Kh2 0-1

[Event "Benidorm op U2000 09th"]
[Site "Benidorm"]
[Date "2010.12.06"]
[Round "4"]
[White "Olabe Odriozola, Eduardo"]
[Black "Lopez Diaz, Rafael"]
[Result "1-0"]
[WhiteElo "1943"]
[BlackElo "1806"]
[PlyCount "67"]
[EventDate "2010.12.03"]
[EventType "swiss"]
[EventRounds "10"]
[EventCountry "ESP"]
[SourceTitle "CBM 139 Extra"]
[Source "ChessBase"]
[SourceDate "2011.01.05"]
[SourceVersion "1"]
[SourceVersionDate "2011.01.05"]
[SourceQuality "1"]

1. e4 e5 2. Nf3 Nc6 3. Bc4 Nf6 4. Ng5 d5 5. exd5 Na5 6. Bb5+ c6 7. dxc6 bxc6 8. Bd3 h6 9. Ne4 Nd5 10. 0-0 Nf4 11. Be2 Nxe2+ 12. Qxe2 Be6 13. d3 Be7 14. Nbd2 0-0 15. b3 Qd4 16. Rb1 Rfd8 17. Bb2 Qd5 18. Nf3 f6 19. h3 c5 20. Rbd1 Nc6 21. c3 Bf7 22. Qe3 Na5 23. Nh4 Rac8 24. Nf5 Bf8 25. Nxh6+ Kh7 26. Nxf7 Qxf7 27. f4 exf4 28. Qxf4 Qg6 29. Rf3 Rd5 30. Rdf1 Qh6 31. Nxf6+ Qxf6 32. Qe4+ Qg6 33. Qxd5 Rc6 34. Rxf8 1-0

[Event "Gipuzkoa Province-ch"]
[Site "Azkoitia"]
[Date "2010.11.06"]
[Round "4"]
[White "Olabe Odriozola, Eduardo"]
[Black "Goni Garmendia, Aitor"]
[Result "1-0"]
[WhiteElo "1928"]
[BlackElo "1806"]
[PlyCount "59"]
[EventDate "2010.10.16"]
[EventType "swiss"]
[EventRounds "7"]
[EventCountry "ESP"]
[SourceTitle "EXT 2014"]
[Source "ChessBase"]
[SourceDate "2013.11.20"]
[SourceVersion "1"]
[SourceVersionDate "2013.11.20"]
[SourceQuality "1"]

1. e4 e5 2. Nf3 Nc6 3. Bc4 Nf6 4. Ng5 d5 5. exd5 Na5 6. Bb5+ c6 7. dxc6 bxc6 8. Bd3 Bc5 9. Nc3 Bxf2+ 10. Kxf2 Ng4+ 11. Ke1 Qxg5 12. Qf3 0-0 13. h3 Nf6 14. b3 Bb7 15. Qf2 c5 16. Rg1 e4 17. Be2 Rfe8 18. g4 Nc6 19. h4 Qe5 20. g5 Nd5 21. Qxc5 Nd4 22. Nxd5 Nxc2+ 23. Qxc2 Qxa1 24. Nc3 e3 25. Rg3 Rac8 26. Bc4 exd2+ 27. Kxd2 Be4 28. Bd3 Rxc3 29. Qxc3 Qxa2+ 30. Bb2 1-0

[Event "Gipuzkoa-ch U18"]
[Site "Donostia"]
[Date "2009.12.30"]
[Round "6.1"]
[White "Olabe Odriozola, Eduardo"]
[Black "Garro Beraza, Julen"]
[Result "0-1"]
[WhiteElo "1833"]
[BlackElo "1869"]
[PlyCount "60"]
[EventDate "2009.12.22"]
[EventType "swiss"]
[EventRounds "5"]
[EventCountry "ESP"]
[SourceTitle "EXT 2024"]
[Source "ChessBase"]
[SourceDate "2023.10.10"]
[SourceVersion "1"]
[SourceVersionDate "2023.10.10"]
[SourceQuality "1"]

1. e4 c5 2. Nf3 d6 3. d4 cxd4 4. Nxd4 Nf6 5. Nc3 a6 6. Bc4 e6 7. 0-0 Be7 8. f4 b5 9. Bd3 Qc7 10. a3 Bb7 11. Be3 Nbd7 12. Nf3 Ng4 13. Qe2 Nxe3 14. Qxe3 Bf6 15. f5 Qc5 16. Qxc5 Nxc5 17. g4 0-0 18. Rae1 Rac8 19. e5 dxe5 20. Nxe5 Nxd3 21. cxd3 Rfd8 22. fxe6 fxe6 23. Re3 Rc5 24. Rfe1 Bh4 25. Rd1 Bg5 26. Re2 Bf6 27. Rde1 Rd4 28. Ne4 Rxe5 29. Nxf6+ gxf6 30. Rxe5 fxe5 0-1

[Event "San Sebastian op 19th"]
[Site "San Sebastian"]
[Date "2009.09.27"]
[Round "4"]
[White "Argandona Riveiro, Inigo"]
[Black "Olabe Odriozola, Eduardo"]
[Result "1-0"]
[WhiteElo "2364"]
[BlackElo "1793"]
[PlyCount "45"]
[EventDate "2009.09.25"]
[EventType "swiss"]
[EventRounds "9"]
[EventCountry "ESP"]
[SourceTitle "EXT 2010"]
[Source "ChessBase"]
[SourceDate "2010.11.25"]
[SourceVersion "1"]
[SourceVersionDate "2010.11.25"]
[SourceQuality "1"]

1. Nf3 d5 2. c4 e6 3. b3 Nf6 4. Bb2 Be7 5. g3 b6 6. Bg2 Bb7 7. 0-0 0-0 8. Qc2 c5 9. cxd5 Nxd5 10. a3 Nd7 11. e4 N5f6 12. Re1 Rc8 13. d3 Qc7 14. Nc3 e5 15. Rac1 Rfd8 16. Qd2 Qb8 17. Bh3 Ba6 18. a4 Ne8 19. Nd5 Bd6 20. Rcd1 Nc7 21. Bxd7 Rxd7 22. Nxe5 Rdd8 23. Nc6 1-0

[Event "Groseko Udaberriko Txapelke"]
[Site "Donostia"]
[Date "2009.05.16"]
[Round "2.14"]
[White "Riesco Lecuona, Juan Manuel"]
[Black "Olabe Odriozola, Eduardo"]
[Result "0-1"]
[WhiteElo "1974"]
[BlackElo "1738"]
[PlyCount "104"]
[EventDate "2009.05.09"]
[EventType "swiss"]
[EventRounds "7"]
[EventCountry "ESP"]
[SourceTitle "EXT 2024"]
[Source "ChessBase"]
[SourceDate "2023.10.10"]
[SourceVersion "1"]
[SourceVersionDate "2023.10.10"]
[SourceQuality "1"]

1. e4 c5 2. Nf3 d6 3. d4 cxd4 4. Nxd4 Nf6 5. Nc3 g6 6. Be3 Bg7 7. f3 0-0 8. Qd2 Nc6 9. 0-0-0 d5 10. Nxc6 bxc6 11. e5 Nd7 12. f4 Nb6 13. Be2 Bd7 14. h4 Qc7 15. Bc5 e6 16. h5 Rfc8 17. hxg6 fxg6 18. Ba6 Rf8 19. g3 Rf7 20. Bd3 Bf8 21. Bxf8 Raxf8 22. Qh2 Rg7 23. Ne2 c5 24. c3 a5 25. Rhf1 a4 26. a3 d4 27. c4 Qb7 28. Ng1 Qa6 29. Qe2 Nc8 30. Nh3 Ne7 31. g4 Bc6 32. Ng5 Qc8 33. Ne4 Bxe4 34. Bxe4 g5 35. f5 exf5 36. gxf5 Nxf5 37. e6 Ne3 38. Rxf8+ Qxf8 39. Rh1 Qf4 40. Qf3 Qxf3 41. Bxf3 g4 42. Be4 Kf8 43. Rh5 g3 44. Rxc5 g2 45. Rc8+ Ke7 46. Rc7+ Kf6 47. Rxg7 Kxg7 48. Bxg2 Nxg2 49. b4 axb3 50. a4 Nf4 51. a5 Nxe6 52. a6 Kf6 0-1

[Event "Gipuzkoa-ch U18"]
[Site "Eibar"]
[Date "2008.12.30"]
[Round "5.1"]
[White "Olmo Vega, Diego"]
[Black "Olabe Odriozola, Eduardo"]
[Result "0-1"]
[WhiteElo "1977"]
[BlackElo "1721"]
[PlyCount "70"]
[EventDate "2008.12.22"]
[EventType "swiss"]
[EventRounds "5"]
[EventCountry "ESP"]
[SourceTitle "EXT 2024"]
[Source "ChessBase"]
[SourceDate "2023.10.10"]
[SourceVersion "1"]
[SourceVersionDate "2023.10.10"]
[SourceQuality "1"]

1. e4 d5 2. exd5 Nf6 3. d4 Nxd5 4. c4 Nf6 5. Nf3 Bf5 6. Qb3 Qc8 7. Nc3 e6 8. Be2 Be7 9. h3 h6 10. 0-0 0-0 11. Be3 c5 12. d5 exd5 13. cxd5 a6 14. Bf4 Rd8 15. Rfd1 Bd6 16. Bxd6 Rxd6 17. a4 Nbd7 18. Nd2 Nb6 19. a5 Nbxd5 20. Nc4 Nxc3 21. Nxd6 Nxe2+ 22. Kf1 Be6 23. Qe3 Qc6 24. Qxe2 Bxh3 25. f3 Be6 26. Nc4 Nd5 27. Ne5 Qc7 28. Qe4 Re8 29. Nc4 Nf6 30. Qc2 Qh2 31. Nd6 Qh1+ 32. Kf2 Qh4+ 33. Kg1 Bb3 34. Qxb3 Re2 35. Nxf7 Qf2+ 0-1

[Event "San Sebastian op 18th"]
[Site "San Sebastian"]
[Date "2008.09.27"]
[Round "9"]
[White "Tung, Kai Ming"]
[Black "Olabe Odriozola, Eduardo"]
[Result "1-0"]
[WhiteElo "1989"]
[BlackElo "1728"]
[PlyCount "93"]
[EventDate "2008.09.20"]
[EventType "swiss"]
[EventRounds "9"]
[EventCountry "ESP"]
[SourceTitle "CBM 126 Extra"]
[Source "ChessBase"]
[SourceDate "2008.11.05"]
[SourceVersion "1"]
[SourceVersionDate "2008.11.05"]
[SourceQuality "1"]

1. e4 d5 2. exd5 Nf6 3. Bb5+ Bd7 4. Be2 Nxd5 5. d4 Bf5 6. a3 e6 7. Nf3 Be7 8. c4 Nb6 9. Nc3 0-0 10. h3 h6 11. Be3 N8d7 12. b4 Nf6 13. 0-0 c6 14. Bf4 a5 15. b5 c5 16. dxc5 Bxc5 17. Qxd8 Rfxd8 18. Bc7 Rd7 19. Bxb6 Bxb6 20. Na4 Bd4 21. Rad1 Rad8 22. Nxd4 Rxd4 23. Nb6 Ne4 24. Rxd4 Rxd4 25. Bf3 Nd2 26. Rc1 Nxf3+ 27. gxf3 Bxh3 28. c5 e5 29. Rc3 Bd7 30. c6 bxc6 31. bxc6 Bxc6 32. Rxc6 Rd3 33. a4 Rxf3 34. Rc5 Ra3 35. Rxe5 g5 36. Rxa5 Kg7 37. Nc4 Ra1+ 38. Kg2 f6 39. Ne3 h5 40. Ra7+ Kg6 41. Ra6 g4 42. Nd5 Kg5 43. Nxf6 h4 44. Nh7+ Kh5 45. Ra5+ Kh6 46. Nf6 h3+ 47. Kh2 1-0

[Event "San Sebastian op 18th"]
[Site "San Sebastian"]
[Date "2008.09.22"]
[Round "4"]
[White "Saenz Zabala, Juan Ignacio"]
[Black "Olabe Odriozola, Eduardo"]
[Result "1-0"]
[WhiteElo "1857"]
[BlackElo "1728"]
[PlyCount "87"]
[EventDate "2008.09.20"]
[EventType "swiss"]
[EventRounds "9"]
[EventCountry "ESP"]
[SourceTitle "CBM 126 Extra"]
[Source "ChessBase"]
[SourceDate "2008.11.05"]
[SourceVersion "1"]
[SourceVersionDate "2008.11.05"]
[SourceQuality "1"]

1. e4 d5 2. exd5 Nf6 3. d4 Nxd5 4. Nf3 Bf5 5. Bd2 e6 6. Be2 c5 7. c3 Nc6 8. Bb5 Qb6 9. Qe2 Nc7 10. Bxc6+ Qxc6 11. 0-0 Be7 12. dxc5 Rd8 13. Nd4 Qxc5 14. Nxf5 Qxf5 15. Be3 Nd5 16. Qb5+ Rd7 17. Bxa7 Ne3 18. Qxf5 Nxf5 19. Na3 Bxa3 20. bxa3 0-0 21. Bb6 Rd3 22. Ba5 b6 23. Bxb6 Rxc3 24. a4 Rfc8 25. a5 Ne7 26. a4 Nd5 27. h3 Rb3 28. Rfb1 Rb4 29. Rxb4 Nxb4 30. Rb1 Rc4 31. Be3 h6 32. Rc1 Rxc1+ 33. Bxc1 f5 34. Kf1 Kf7 35. Ke2 e5 36. Bd2 Nd5 37. Kd3 Ke6 38. Kc4 Kd6 39. Kb5 Nc7+ 40. Kb6 Nd5+ 41. Kb7 g5 42. a6 e4 43. a7 Nc7 44. Ba5 1-0

[Event "ESP-ch U16"]
[Site "Padron"]
[Date "2008.07.21"]
[Round "3"]
[White "Alshameary Puente, Ismael"]
[Black "Olabe Odriozola, Eduardo"]
[Result "1-0"]
[WhiteElo "1951"]
[BlackElo "1728"]
[PlyCount "51"]
[EventDate "2008.07.20"]
[EventType "swiss"]
[EventRounds "9"]
[EventCountry "ESP"]
[SourceTitle "EXT 2010"]
[Source "ChessBase"]
[SourceDate "2010.11.25"]
[SourceVersion "1"]
[SourceVersionDate "2010.11.25"]
[SourceQuality "1"]

1. e4 c5 2. Nc3 e6 3. f4 d5 4. e5 Nc6 5. Nf3 Nge7 6. g3 a6 7. a4 Qa5 8. Bg2 b5 9. 0-0 Nf5 10. Ne2 c4 11. d4 cxd3 12. cxd3 Qb6+ 13. Kh1 Bc5 14. axb5 Qxb5 15. d4 Ba7 16. Bh3 Nfe7 17. Ra3 Rb8 18. f5 exf5 19. Nh4 0-0 20. Nxf5 Nxf5 21. Bxf5 Nxd4 22. Bd3 Qb6 23. Nxd4 Qxd4 24. Be3 Qxe5 25. Bxa7 Rxb2 26. Bd4 1-0

[Event "San Sebastian Primavera de Gros 4th"]
[Site "San Sebastian"]
[Date "2008.05.03"]
[Round "1"]
[White "Olabe Odriozola, Eduardo"]
[Black "Neira Garcia, Manuel"]
[Result "0-1"]
[WhiteElo "1705"]
[BlackElo "2002"]
[PlyCount "88"]
[EventDate "2008.05.03"]
[EventType "swiss"]
[EventRounds "7"]
[EventCountry "ESP"]
[SourceTitle "EXT 2009"]
[Source "ChessBase"]
[SourceDate "2008.11.26"]
[SourceVersion "1"]
[SourceVersionDate "2008.11.26"]
[SourceQuality "1"]

1. e4 e6 2. d3 d5 3. Nd2 Nf6 4. Ngf3 Nc6 5. g3 dxe4 6. dxe4 e5 7. Bc4 Bc5 8. 0-0 0-0 9. c3 a5 10. Bb3 Bg4 11. Qe2 a4 12. Bc2 Qe7 13. Rd1 Rfd8 14. Nc4 h6 15. Be3 b5 16. Bxc5 Qxc5 17. Ne3 Be6 18. a3 g6 19. Bd3 Rab8 20. Nc2 Bb3 21. Rd2 Na5 22. Rad1 Kg7 23. Nfe1 Rb6 24. Ng2 Rbd6 25. Nge3 Be6 26. Nb4 Nb3 27. Rc2 Qb6 28. Re1 c5 29. Nbd5 Bxd5 30. Nxd5 Nxd5 31. exd5 c4 32. Qxe5+ Rf6 33. Bf1 Nc5 34. Rd2 Nb3 35. Rc2 Nc5 36. Re3 Qd6 37. Qxd6 Rfxd6 38. Bg2 Nd3 39. Re7 R8d7 40. Rxd7 Rxd7 41. Kf1 Kf6 42. Ke2 Rd6 43. Ke3 Ne1 44. f4 Nxc2+ 0-1